| Tag |
First Indicator |
Second Indicator |
Subfields |
| LEADER |
00000nam a2200000Ia 4500 |
| 001 |
in00004241221 |
| 005 |
20200807092635.0 |
| 006 |
m g d |
| 007 |
cr bn |||a|bb| |
| 008 |
850225s1687 enk o 00| | eng d |
| 035 |
|
|
|a (OCoLC)11732954
|
| 040 |
|
|
|a EAA
|c EAA
|d m/c
|d WaOLN
|
| 037 |
|
|
|a CL0037000014
|b ProQuest Information and Learning. 300 N. Zeeb Rd., Ann Arbor, MI 48106
|
| 049 |
|
|
|a UMIA
|
| 245 |
0 |
2 |
|a A vindication of the Church of England from the foul aspersions of schism and heresie unjustly cast upon her by the Church of Rome
|
| 260 |
|
|
|a London :
|b Printed by J.H. for Luke Meredith,
|c 1687.
|
| 300 |
|
|
|a 1 online resource (2 volume (38, 40 pages)
|
| 336 |
|
|
|a text
|b txt
|2 rdacontent
|
| 337 |
|
|
|a computer
|b c
|2 rdamedia
|
| 338 |
|
|
|a online resource
|b cr
|2 rdacarrier
|
| 500 |
|
|
|a Reproduction of original in Huntington Library.
|
| 510 |
4 |
|
|a Wing
|c A2936 (part 1)
|
| 510 |
4 |
|
|a Wing
|c A2937 (part 2)
|
| 533 |
|
|
|a Electronic reproduction.
|b Ann Arbor, Mich. :
|c UMI,
|d 1999-
|f (Early English books online)
|n Digital version of: (Early English books, 1641-1700 ; 482:6 and 482:7)
|7 s1999 miun s
|
| 610 |
2 |
0 |
|a Church of England
|v Controversial literature.
|
| 610 |
2 |
0 |
|a Catholic Church
|v Controversial literature.
|
| 650 |
|
0 |
|a Schism.
|
| 700 |
1 |
|
|a Altham, Michael,
|d 1633-1705.
|
| 830 |
|
0 |
|a Early English books online.
|
| 856 |
4 |
0 |
|u http://proxy.library.tamu.edu/login?url=https://search.proquest.com/docview/2248500279
|z Connect to the full text of this electronic book
|t 0
|
| 856 |
4 |
0 |
|u http://proxy.library.tamu.edu/login?url=https://search.proquest.com/docview/2264177482
|z Connect to the full text of this electronic book
|t 0
|
| 999 |
f |
f |
|s 043ca6cf-9019-39ef-818e-7b60f33464e8
|i c21f6a13-534c-3d26-8fee-0b249f3ad01b
|t 0
|
| 952 |
f |
f |
|a Texas A&M University
|b College Station
|c Electronic Resources
|d Available Online
|t 0
|h No information provided
|
| 998 |
f |
f |
|t 0
|l Available Online
|